Rómovia a kriminalita
Sociálno-kultúrne charakteristiky rómskeho etnika. Rómske etnikum na Slovensku. Stav, štruktúra a dynamika kriminality rómskej minority. Príčiny a podmienky kriminality rómskej minority. Prevencia kriminality rómskej minority.
Salvato in:
| Autore principale: | |
|---|---|
| Natura: | Capitolo di libro |
| Lingua: | slovacco |
| Soggetti: | |
| Tags: |
Nessun Tag, puoi essere il primo ad aggiungerne!!
|
MARC
| LEADER | 00000naa a2200000 4500 | ||
|---|---|---|---|
| 001 | r043212 | ||
| 005 | 20230929070545.8 | ||
| 041 | 0 | |a slo | |
| 044 | |a SK | ||
| 245 | 1 | 0 | |a Rómovia a kriminalita |c Eva Šúryová |
| 520 | |a Sociálno-kultúrne charakteristiky rómskeho etnika. Rómske etnikum na Slovensku. Stav, štruktúra a dynamika kriminality rómskej minority. Príčiny a podmienky kriminality rómskej minority. Prevencia kriminality rómskej minority. | ||
| 610 | 2 | 0 | |a Rómovia |
| 610 | 2 | 0 | |a kriminalita |
| 610 | 2 | 0 | |a podmienky sociálne |
| 610 | 2 | 0 | |a podmienky životné |
| 610 | 2 | 0 | |a prevencia |
| 610 | 2 | 0 | |a 1989-2000 |
| 610 | 2 | 0 | |a Slovensko |
| 100 | 1 | |a Šúryová, Eva | |